Ancien club des joueurs du PSG 2024-2025 - Statistiques

Statistiques générales
  • Ce quiz a été pris 267 fois
  • Le résultat moyen est 17 sur 22
Statistiques - réponses
Joueur Club % Correct
Gianluigi Donnarumma AC Milan
97%
Achraf Hakimi Inter Milan
92%
Ousmane Dembélé FC Barcelone
89%
Lucas Hernandez Bayern Munich
88%
Bradley Barcola Olympique Lyonnais
88%
Desire Doue Stade Rennais
88%
Khvicha Kvaratskhelia Napoli
87%
Presnel Kimpembe PSG
87%
Joao Neves SL Benfica
84%
Senny Mayulu PSG
83%
Warren Zaïre-Emery PSG
83%
Ibrahim Mbaye PSG
82%
Vitinha FC Porto
81%
Gonçalo Ramos SL Benfica
81%
Nuno Mendes Sporting CP
80%
Fabian Ruiz Napoli
71%
Arnau Tenas FC Barcelone
63%
William Pacho Eintracht Francfort
62%
Marquinhos AS Rome
60%
Lee Kang-in Majorque
46%
Matvey Safonov Krasnodar
40%
Lucas Beraldo Sao Paulo
27%
Aucun quiz correspondant
Distribution des résultats
% des personnes avec chaque résultat
Percentile par nombre de réponses
Votre historique - résultats
Vous n’avez pas pris ce quiz